Talk Like TED (Record no. 10728)
[ view plain ]
| 000 -LEADER | |
|---|---|
| fixed length control field | 00357nam a22001577a 4500 |
| 003 - CONTROL NUMBER IDENTIFIER | |
| control field | OSt |
| 008 - FIXED-LENGTH DATA ELEMENTS--GENERAL INFORMATION | |
| fixed length control field | 210723b ||||| |||| 00| 0 eng d |
| 020 ## - INTERNATIONAL STANDARD BOOK NUMBER | |
| International Standard Book Number | 9781509867394 |
| 082 ## - DEWEY DECIMAL CLASSIFICATION NUMBER | |
| Classification number | 658.452 GAT |
| 100 ## - MAIN ENTRY--PERSONAL NAME | |
| Personal name | GALLO,Carmine |
| 245 ## - TITLE STATEMENT | |
| Title | Talk Like TED |
| 260 ## - PUBLICATION, DISTRIBUTION, ETC. (IMPRINT) | |
| Place of publication, distribution, etc | London |
| Name of publisher, distributor, etc | Pan Books |
| Date of publication, distribution, etc | 2014 |
| 300 ## - PHYSICAL DESCRIPTION | |
| Extent | 277 |
| 650 ## - SUBJECT ADDED ENTRY--TOPICAL TERM | |
| Topical term or geographic name as entry element | Applied Sc |
| 942 ## - ADDED ENTRY ELEMENTS (KOHA) | |
| Source of classification or shelving scheme | Dewey Decimal Classification |
| Koha item type | Text Books |
| 942 ## - ADDED ENTRY ELEMENTS (KOHA) | |
| -- | 25 |
| Withdrawn status | Lost status | Source of classification or shelving scheme | Damaged status | Not for loan | Collection code | Home library | Current library | Date acquired | Source of acquisition | Currency | Cost, normal purchase price | Bill Number | Total Checkouts | Full call number | Acc. no. / Barcode | Date last seen | Date last borrowed | Actual Cost, discounted price | Bill Date | Koha item type | Checked out | Public note |
|---|---|---|---|---|---|---|---|---|---|---|---|---|---|---|---|---|---|---|---|---|---|---|
| Dewey Decimal Classification | GENERAL | PIET C-LIBRARY | PIET C-LIBRARY | 01/07/2021 | Kirti Praskshan | IN Rupees | 599.00 | IN2215 | 11 | 658.452 GAT | 33097 | 22/12/2025 | 09/12/2025 | 419.30 | 01/07/2021 | Text Books | ||||||
| Dewey Decimal Classification | GENERAL | PIET C-LIBRARY | PIET C-LIBRARY | 01/07/2021 | Kirti Praskshan | IN Rupees | 599.00 | IN2215 | 10 | 658.452 GAT | 33098 | 25/07/2024 | 11/07/2024 | 419.30 | 01/07/2021 | Text Books | ||||||
| Dewey Decimal Classification | GENERAL | PIET C-LIBRARY | PIET C-LIBRARY | 01/07/2021 | Kirti Praskshan | IN Rupees | 599.00 | IN2215 | 7 | 658.452 GAT | 33099 | 31/08/2022 | 31/08/2022 | 419.30 | 01/07/2021 | Text Books | 27/02/2023 | |||||
| Dewey Decimal Classification | GENERAL | PIET C-LIBRARY | PIET C-LIBRARY | 01/07/2021 | Kirti Praskshan | IN Rupees | 599.00 | IN2215 | 11 | 658.452 GAT | 33100 | 03/06/2026 | 20/05/2026 | 419.30 | 01/07/2021 | Text Books | Motivational | |||||
| Dewey Decimal Classification | GENERAL | PIET C-LIBRARY | PIET C-LIBRARY | 01/07/2021 | Kirti Praskshan | IN Rupees | 599.00 | IN2215 | 658.452 GAT | 33101 | 23/07/2021 | 419.30 | 01/07/2021 | Reference Books |